| 000 | 00397nam a22001577a 4500 | ||
|---|---|---|---|
| 003 | OSt | ||
| 005 | 20240328163717.0 | ||
| 008 | 201005b xxu||||| |||| 00| 0 eng d | ||
| 020 | _a978-0702077128 | ||
| 040 | _cIIMT UNIVERSITY MEERUT | ||
| 100 | _aSALMON, JOHN.F | ||
| 245 | _aKANSKI`S CLINICAL OPTHALMOLOGY | ||
| 260 |
_aDELHI _bELESEVIER PUBLICATION _c2020 |
||
| 300 | _a941 | ||
| 942 |
_2ddc _c01 |
||
| 999 |
_c50182 _d50182 |
||